Výsledky, ktoré tešia i zaväzujú

Bibliographic Details
Main Author: Kilár, Ľudovít (Author)
Format: Article
Language:Slovak
Subjects:

MARC

LEADER 00000nab a2200000 a 4500
001 vtls000095514
003 SK-MaSNL
005 20260303021709.0
008 140301c1981 xo 0 slo
015 |a SNBRB19rr/mm-uuuuu 
035 |a CL0105617 
040 |a SNKBUCL  |b slo  |c SNKBUCL  |e AACR2 
041 0 |a slo 
044 |a xo  |c SK 
080 |a 371  |2 1981 
100 1 |a Kilár, Ľudovít  |4 aut  |9 5375 
245 1 0 |a Výsledky, ktoré tešia i zaväzujú  |c Ľudovít Kilár 
650 0 7 |a školstvo  |2 snkbucl  |9 19712 
655 7 |a články z novín a časopisov  |2 snkbucl  |9 267496 
773 0 |t Projekt  |g Roč. 23, č. 8 (1981), s. 2 
850 |a Slovenská národná knižnica v Martine  |a MTA001 
852 |a SNK  |b KIS3GCP 
958 |a RK 
992 |a RBX 
999 |c 1624749  |d 1626679